Stephen Beckerman & Paul Valentine, eds, Cultures of Multiple Fathers. The Theory and Practice of Partible Paternity in Lowland South America, Gainesville, University of Florida Press, 2002, 291 p., bibl., index, fig., tables, carte (notice n° 1645989)
[ vue normale ]
| 000 -LEADER | |
|---|---|
| fixed length control field | 00648cam a2200145 4500500 |
| 005 - DATE AND TIME OF LATEST TRANSACTION | |
| control field | 20260208002352.0 |
| 041 ## - LANGUAGE CODE | |
| Language code of text/sound track or separate title | fre |
| 042 ## - AUTHENTICATION CODE | |
| Authentication code | dc |
| 100 10 - MAIN ENTRY--PERSONAL NAME | |
| Personal name | Brohan, Mickaël |
| Relator term | author |
| 245 00 - TITLE STATEMENT | |
| Title | Stephen Beckerman & Paul Valentine, eds, Cultures of Multiple Fathers. The Theory and Practice of Partible Paternity in Lowland South America, Gainesville, University of Florida Press, 2002, 291 p., bibl., index, fig., tables, carte |
| 260 ## - PUBLICATION, DISTRIBUTION, ETC. | |
| Date of publication, distribution, etc. | 2005.<br/> |
| 500 ## - GENERAL NOTE | |
| General note | 10 |
| 786 0# - DATA SOURCE ENTRY | |
| Note | L'Homme | 175-176 | 3 | 2005-07-01 | p. 475u-572u | 0439-4216 |
| 856 41 - ELECTRONIC LOCATION AND ACCESS | |
| Uniform Resource Identifier | <a href="https://shs.cairn.info/revue-l-homme-2005-3-page-475u?lang=fr&redirect-ssocas=7080">https://shs.cairn.info/revue-l-homme-2005-3-page-475u?lang=fr&redirect-ssocas=7080</a> |
Pas d'exemplaire disponible.




Réseaux sociaux